LEADER 01071nem2 2200337 450 001 990009813380403321 005 20140122103707.0 035 $a000981338 035 $aFED01000981338 035 $a(Aleph)000981338FED01 035 $a000981338 100 $a20140122d1576----km-y0itay50------ba 101 0 $aita 102 $aIT 120 $aa------------ 121 $aaa-aa---- 123 0 $aa 200 1 $aTaprobana$bDocumento cartografico 206 $aScala non determinabile 210 $aIn Venetia$cappresso Simon Galignani et Girolamo Porro$d1576 215 $a1 c. [p. 185]$d15 x 11 cm 463 0$1001000964765 700 1$aPorcacchi,$bTommaso$f<1530-1585>$0327571 701 1$aPorro,$bGirolamo$f<1520-1604>$0327572 801 0$aIT$bUNINA$gRICA$2UNIMARC 856 4 $zVisualizza versione elettronica presso Internet culturale$uhttp://iccu01e.caspur.it/ms/internetCulturale.php?id=mag_GEO0018588&teca=GeoWeb+-+Marciana$e20140122 901 $aMP 912 $a990009813380403321 959 $aILFGE 996 $aTaprobana$9837908 997 $aUNINA LEADER 00829nam a2200241 i 4500 001 991000876959707536 008 101005s2009 it a 000 0 ita d 020 $a8809018184 035 $ab13925684-39ule_inst 040 $aDip.to Beni Arti e Storia$bita 082 0 $a932.01 100 1 $aGuidotti, Maria Cristina$0320195 245 10$aAntico Egitto /$cMaria Cristina Guidotti 260 $aFirenze :$bGiunti,$c2009 300 $a239 p. :$bill. ;$c 28 cm. 650 4$aEgitto antico$xCiviltà 700 1 $aCortese, Valeria 907 $a.b13925684$b02-04-14$c05-10-10 912 $a991000876959707536 945 $aLE019 A26 AR G 1$g1$i2019000063319$lle019$op$pE20.00$q-$rl$s- $t0$u1$v0$w1$x0$y.i15179680$z05-10-10 996 $aAntico Egitto$9249054 997 $aUNISALENTO 998 $ale019$b05-10-10$cm$da $e-$fita$git $h0$i0